[Event "Titled Tuesday intern op 20th Apr"]
[Site "Chess.com INT"]
[Date "2021.04.20"]
[Round "4"]
[White "Holt, Conrad"]
[Black "Tvarijonas, Tomas"]
[Result "1-0"]
[WhiteElo "2549"]
[BlackElo "2221"]
[PlyCount "91"]
[EventDate "2021.04.20"]
[EventType "swiss (blitz)"]
[EventRounds "11"]
[EventCountry "USA"]
[SourceTitle "CBM 202 Extra"]
[Source "ChessBase"]
[SourceDate "2021.07.31"]
[SourceVersion "1"]
[SourceVersionDate "2021.07.31"]
[SourceQuality "1"]

1. d3 d5 2. Nd2 e5 3. Ngf3 Nc6 4. g3 Nf6 5. Bg2 Bg4 6. h3 Bxf3 7. Nxf3 e4 8. Nh4 Bc5 9. 0-0 h6 10. Nf5 0-0 11. d4 Bd6 12. c4 dxc4 13. Qc2 Ne7 14. Ne3 c5 15. Rd1 cxd4 16. Rxd4 Qb6 17. Rxc4 Rac8 18. Bd2 Bc5 19. Rc1 Bxe3 20. Bxe3 Rxc4 21. Qxc4 Qxb2 22. Bd4 Qd2 23. Qc3 Qxc3 24. Rxc3 Ned5 25. Rc5 b6 26. Rc6 Rd8 27. e3 Kf8 28. Bf1 Ke7 29. a3 Rd6 30. Rc8 Rd8 31. Rc6 Rd7 32. Rc8 Rc7 33. Ra8 g5 34. Bb5 Nd7 35. Rh8 Nc3 36. Ba6 Ne2+ 37. Bxe2 Rc1+ 38. Kg2 Rc6 39. Bb5 Rd6 40. Bxd7 Kxd7 41. Rf8 Ke7 42. Ra8 Rd7 43. Rb8 Rc7 44. Be5 Rd7 45. Bg7 Ke6 46. Bxh6 1-0

[Event "Titled Tuesday intern op 19th Jan"]
[Site "Chess.com INT"]
[Date "2021.01.19"]
[Round "1"]
[White "Velten, Paul"]
[Black "Tvarijonas, Tomas"]
[Result "1-0"]
[WhiteElo "2482"]
[BlackElo "2221"]
[PlyCount "69"]
[EventDate "2021.01.19"]
[EventType "swiss (blitz)"]
[EventRounds "11"]
[EventCountry "USA"]
[SourceTitle "CBM 200 Extra"]
[Source "ChessBase"]
[SourceDate "2021.03.31"]
[SourceVersion "1"]
[SourceVersionDate "2021.03.31"]
[SourceQuality "1"]

1. d4 d5 2. Nf3 Nf6 3. c4 c6 4. e3 Bg4 5. cxd5 Bxf3 6. Qxf3 Qxd5 7. Be2 Nbd7 8. Nc3 Qxf3 9. Bxf3 e6 10. a3 Bd6 11. b4 0-0 12. Bb2 e5 13. d5 cxd5 14. Nxd5 Rac8 15. 0-0 Rc2 16. Rab1 e4 17. Bd1 Rd2 18. Nxf6+ Nxf6 19. Bb3 Rc8 20. Bd4 a5 21. bxa5 Bxa3 22. Rfd1 Rxd1+ 23. Rxd1 Rc1 24. Rxc1 Bxc1 25. Bc3 Ba3 26. g4 Kf8 27. g5 Nd7 28. Bd5 Nc5 29. Bxb7 Nxb7 30. a6 Bc5 31. axb7 Ba7 32. Be5 f6 33. gxf6 gxf6 34. b8Q+ Bxb8 35. Bxb8 1-0

[Event "Titled Tuesday intern op 22nd Dec"]
[Site "Chess.com INT"]
[Date "2020.12.22"]
[Round "9"]
[White "Erdogdu, Mert"]
[Black "Tvarijonas, Tomas"]
[Result "1-0"]
[WhiteElo "2396"]
[BlackElo "2221"]
[PlyCount "61"]
[EventDate "2020.12.22"]
[EventType "swiss (blitz)"]
[EventRounds "11"]
[EventCountry "USA"]
[SourceTitle "CBM 199 Extra"]
[Source "ChessBase"]
[SourceDate "2021.01.31"]
[SourceVersion "1"]
[SourceVersionDate "2021.01.31"]
[SourceQuality "1"]

1. e4 c5 2. Nf3 g6 3. d4 cxd4 4. Qxd4 Nf6 5. Nc3 Nc6 6. Qa4 d6 7. e5 dxe5 8. Nxe5 Bd7 9. Nxd7 Qxd7 10. Be2 Bg7 11. Be3 0-0 12. 0-0 a6 13. Rad1 Qf5 14. g4 Qe6 15. g5 Ne8 16. Bg4 Qe5 17. Rd5 Qc7 18. Rd7 Qb8 19. Nd5 b5 20. Qe4 Ne5 21. Nxe7+ Kh8 22. Rb7 Qd6 23. Rd1 Nxg4 24. Rxd6 Nxd6 25. Qxg4 Nxb7 26. Qe4 Nd6 27. Qc6 Nc4 28. Bc5 Bxb2 29. h4 Rfe8 30. a4 Ne5 31. Qf6# 1-0

[Event "Titled Tuesday intern op 22nd Dec"]
[Site "Chess.com INT"]
[Date "2020.12.22"]
[Round "10"]
[White "Sviridova, Vlada"]
[Black "Tvarijonas, Tomas"]
[Result "0-1"]
[WhiteElo "2144"]
[BlackElo "2221"]
[PlyCount "64"]
[EventDate "2020.12.22"]
[EventType "swiss (blitz)"]
[EventRounds "11"]
[EventCountry "USA"]
[SourceTitle "CBM 199 Extra"]
[Source "ChessBase"]
[SourceDate "2021.01.31"]
[SourceVersion "1"]
[SourceVersionDate "2021.01.31"]
[SourceQuality "1"]

1. d4 d5 2. c4 c6 3. Nf3 Nf6 4. Nc3 e6 5. e3 Nbd7 6. Qc2 Bd6 7. Bd3 dxc4 8. Bxc4 0-0 9. 0-0 e5 10. h3 Qe7 11. a3 b5 12. Bd3 Bb7 13. Re1 a6 14. dxe5 Nxe5 15. Nxe5 Bxe5 16. Ne4 Nxe4 17. Bxe4 g6 18. f4 Bd6 19. Bd2 c5 20. Bxb7 Qxb7 21. e4 c4 22. e5 Bc5+ 23. Kh2 Rad8 24. Be3 Bxe3 25. Rxe3 Rd4 26. f5 Rfd8 27. Rg1 Rd2 28. Qc3 R8d3 29. Rxd3 Rxd3 30. Qb4 Qc7 31. Re1 gxf5 32. Kh1 Qd7 0-1

[Event "Titled Tuesday intern op 22nd Dec"]
[Site "Chess.com INT"]
[Date "2020.12.22"]
[Round "6"]
[White "Tvarijonas, Tomas"]
[Black "Mohammad Fahad, Rahman"]
[Result "0-1"]
[WhiteElo "2221"]
[BlackElo "2319"]
[PlyCount "58"]
[EventDate "2020.12.22"]
[EventType "swiss (blitz)"]
[EventRounds "11"]
[EventCountry "USA"]
[SourceTitle "CBM 199 Extra"]
[Source "ChessBase"]
[SourceDate "2021.01.31"]
[SourceVersion "1"]
[SourceVersionDate "2021.01.31"]
[SourceQuality "1"]

1. e4 c5 2. Nf3 d6 3. d4 cxd4 4. Nxd4 Nf6 5. Nc3 Nc6 6. Be3 Ng4 7. Bc1 Qb6 8. Bb5 e5 9. Nd5 Qxd4 10. Qxd4 exd4 11. Nc7+ Kd8 12. Nxa8 Bd7 13. 0-0 Kc8 14. f4 Kb8 15. h3 Nf6 16. Nb6 axb6 17. e5 dxe5 18. Bxc6 Bxc6 19. fxe5 Ne4 20. Rxf7 Bc5 21. Kh2 g5 22. a3 b5 23. b4 Bb6 24. Bb2 Re8 25. Rxh7 Rxe5 26. Rd1 Nc3 27. Rd2 Re1 28. Rg7 Bc7+ 29. g3 Rh1# 0-1

[Event "Titled Tuesday intern op 22nd Dec"]
[Site "Chess.com INT"]
[Date "2020.12.22"]
[Round "3"]
[White "Tvarijonas, Tomas"]
[Black "Petkov, Momchil"]
[Result "0-1"]
[WhiteElo "2221"]
[BlackElo "2424"]
[PlyCount "130"]
[EventDate "2020.12.22"]
[EventType "swiss (blitz)"]
[EventRounds "11"]
[EventCountry "USA"]
[SourceTitle "CBM 199 Extra"]
[Source "ChessBase"]
[SourceDate "2021.01.31"]
[SourceVersion "1"]
[SourceVersionDate "2021.01.31"]
[SourceQuality "1"]

1. e4 g6 2. d4 Bg7 3. Nf3 d6 4. Bc4 Nf6 5. Qe2 0-0 6. 0-0 c6 7. e5 Nd5 8. c3 Bg4 9. exd6 exd6 10. Bxd5 cxd5 11. h3 Bd7 12. Bg5 Qb6 13. Na3 Re8 14. Qd2 Nc6 15. Bh6 Bh8 16. Bf4 Nd8 17. c4 Be6 18. b3 dxc4 19. Nxc4 Bxc4 20. bxc4 Ne6 21. Be3 Qc7 22. Rfc1 Rac8 23. Rab1 b6 24. d5 Nc5 25. Bd4 Ne4 26. Qd3 Nc5 27. Qd2 Re4 28. Bxh8 Kxh8 29. Qh6 f6 30. Re1 Qg7 31. Qxg7+ Kxg7 32. Rxe4 Nxe4 33. Rc1 b5 34. Nd4 Rxc4 35. Ne6+ Kf7 36. Rb1 a6 37. f3 Nc3 38. Rb2 Nxd5 39. Nd8+ Ke7 40. Nb7 Kd7 41. Na5 Rc1+ 42. Kf2 Nf4 43. Rd2 Rc3 44. Nb3 Nd3+ 45. Kg3 Nc5 46. Nd4 Ne6 47. Ne2 Rc5 48. h4 g5 49. hxg5 fxg5 50. Kf2 h5 51. Ng3 h4 52. Ne4 Rc6 53. Nf6+ Ke7 54. Nd5+ Kf7 55. Re2 Rc5 56. Nb4 a5 57. Nd3 Rd5 58. Nc1 Re5 59. Rd2 Ke7 60. Nb3 a4 61. Na5 Rc5 62. Nb7 Rc6 63. Na5 Rc7 64. Rd5 Rc5 65. Rd2 Kd7 0-1

[Event "Titled Tuesday intern op 22nd Dec"]
[Site "Chess.com INT"]
[Date "2020.12.22"]
[Round "8"]
[White "Tvarijonas, Tomas"]
[Black "Piesik, Piotr"]
[Result "0-1"]
[WhiteElo "2221"]
[BlackElo "2400"]
[PlyCount "107"]
[EventDate "2020.12.22"]
[EventType "swiss (blitz)"]
[EventRounds "11"]
[EventCountry "USA"]
[SourceTitle "CBM 199 Extra"]
[Source "ChessBase"]
[SourceDate "2021.01.31"]
[SourceVersion "1"]
[SourceVersionDate "2021.01.31"]
[SourceQuality "1"]

1. e4 g6 2. Nf3 Bg7 3. d4 c6 4. c4 d5 5. cxd5 cxd5 6. e5 Nc6 7. h3 Nh6 8. Nc3 f6 9. Bb5 0-0 10. 0-0 Nf7 11. exf6 exf6 12. Qa4 Ne7 13. Bf4 Nd6 14. Bd3 Bf5 15. Bxf5 Ndxf5 16. Rac1 a6 17. Qb3 b5 18. Rfe1 Qd7 19. g4 Nh6 20. Kg2 Rfd8 21. Re2 Nf7 22. Rce1 Nc6 23. a4 b4 24. Nd1 f5 25. g5 Nxd4 26. Nxd4 Bxd4 27. Qxb4 Bg7 28. Re7 Bf8 29. Rxd7 Bxb4 30. Rxd8+ Rxd8 31. Re6 a5 32. Ne3 d4 33. Nc4 d3 34. Bd2 Rd4 35. Bxb4 axb4 36. Nd2 Nxg5 37. Re3 Ne4 38. Nxe4 fxe4 39. Re1 b3 40. Kg3 Rxa4 41. Kf4 Kf7 42. Rd1 Kf6 43. f3 exf3+ 44. Kxf3 Rd4 45. Ke3 Ke5 46. Rxd3 Rxd3+ 47. Kxd3 g5 48. Kc3 h5 49. Kxb3 g4 50. hxg4 hxg4 51. Kc4 g3 52. b4 g2 53. b5 g1Q 54. b6 0-1

[Event "Titled Tuesday intern op 03rd Nov"]
[Site "Chess.com INT"]
[Date "2020.11.03"]
[Round "2"]
[White "Gonzalez, Francisco Silva"]
[Black "Tvarijonas, Tomas"]
[Result "0-1"]
[WhiteElo "2049"]
[BlackElo "2221"]
[PlyCount "118"]
[EventDate "2020.11.03"]
[EventType "swiss (blitz)"]
[EventRounds "11"]
[EventCountry "USA"]
[SourceTitle "CBM 199 Extra"]
[Source "ChessBase"]
[SourceDate "2021.01.31"]
[SourceVersion "1"]
[SourceVersionDate "2021.01.31"]
[SourceQuality "1"]

1. d4 d5 2. c4 c6 3. Nc3 e5 4. dxe5 d4 5. Ne4 Qa5+ 6. Bd2 Qxe5 7. Ng3 Nf6 8. Nf3 Qd6 9. e3 dxe3 10. Bxe3 Qxd1+ 11. Rxd1 Bb4+ 12. Bd2 Bxd2+ 13. Rxd2 0-0 14. h3 c5 15. Bd3 Nc6 16. a3 Re8+ 17. Kd1 h6 18. Re1 Be6 19. Kc2 Na5 20. b3 b5 21. cxb5 Bxb3+ 22. Kc3 Nd5+ 23. Kb2 c4 24. Bh7+ Kxh7 25. Rdd1 c3+ 26. Kc1 Bxd1 27. Rxd1 Nf4 28. Kc2 Rad8 29. Rxd8 Rxd8 30. Kxc3 Nxg2 31. Kb4 Nb7 32. Ne5 Rd4+ 33. Kc3 Rd5 34. Nxf7 Rxb5 35. a4 Rd5 36. Ne4 Nf4 37. h4 Nc5 38. Nxc5 Rxc5+ 39. Kb4 Rf5 40. Nd6 Rf6 41. Kc5 Nd3+ 42. Kd5 Rxf2 43. a5 Ra2 44. Nc4 g5 45. hxg5 hxg5 46. Ke4 Nb2 47. Nd6 Rxa5 48. Nf7 Kg7 49. Nd6 g4 50. Kf4 Ra4+ 51. Kg3 Nd3 52. Nf5+ Kf6 53. Nd6 Ne5 54. Ne8+ Kg5 55. Nd6 Ra3+ 56. Kg2 Kf4 57. Kf2 Ra2+ 58. Kf1 Kf3 59. Ke1 g3 0-1

[Event "Titled Tuesday intern op 03rd Nov"]
[Site "Chess.com INT"]
[Date "2020.11.03"]
[Round "1"]
[White "Tvarijonas, Tomas"]
[Black "Dominguez Perez, Leinier"]
[Result "0-1"]
[WhiteElo "2221"]
[BlackElo "2758"]
[PlyCount "62"]
[EventDate "2020.11.03"]
[EventType "swiss (blitz)"]
[EventRounds "11"]
[EventCountry "USA"]
[SourceTitle "CBM 199 Extra"]
[Source "ChessBase"]
[SourceDate "2021.01.31"]
[SourceVersion "1"]
[SourceVersionDate "2021.01.31"]
[SourceQuality "1"]

1. e4 c5 2. Nf3 d6 3. d4 cxd4 4. Nxd4 Nf6 5. Nc3 a6 6. Be3 e5 7. Nb3 Be6 8. f3 h5 9. Qd2 Nbd7 10. 0-0-0 Be7 11. Kb1 b5 12. Bg5 Rc8 13. g3 b4 14. Na4 a5 15. h4 Qc7 16. Bb5 0-0 17. g4 hxg4 18. h5 gxf3 19. h6 g6 20. Bxd7 Bxd7 21. Bxf6 Bxf6 22. Qxd6 Qxc2+ 23. Ka1 Be6 24. Nac5 Rfd8 25. h7+ Kh8 26. Qxd8+ Rxd8 27. Rc1 Qe2 28. Nxe6 fxe6 29. Nc5 Rc8 30. Nxe6 Rxc1+ 31. Rxc1 Kxh7 0-1

[Event "Titled Tuesday intern op 03rd Nov"]
[Site "Chess.com INT"]
[Date "2020.11.03"]
[Round "11"]
[White "Tvarijonas, Tomas"]
[Black "Serikbay, Assel"]
[Result "0-1"]
[WhiteElo "2221"]
[BlackElo "2247"]
[PlyCount "56"]
[EventDate "2020.11.03"]
[EventType "swiss (blitz)"]
[EventRounds "11"]
[EventCountry "USA"]
[SourceTitle "CBM 199 Extra"]
[Source "ChessBase"]
[SourceDate "2021.01.31"]
[SourceVersion "1"]
[SourceVersionDate "2021.01.31"]
[SourceQuality "1"]

1. e4 c5 2. Nf3 Nc6 3. d4 cxd4 4. Nxd4 Nf6 5. Nc3 e6 6. Be3 Bb4 7. f3 d5 8. Nxc6 bxc6 9. exd5 exd5 10. Bd4 0-0 11. Be2 c5 12. Bxf6 Qxf6 13. 0-0 Bxc3 14. bxc3 Qxc3 15. Qxd5 Rb8 16. Bd3 Bb7 17. Qf5 g6 18. Qg4 Rbd8 19. Rab1 Rd4 20. Qg5 Bd5 21. h4 Bxa2 22. Ra1 Rd5 23. Qe7 Re5 24. Qxa7 Qd4+ 25. Kh2 Qxh4+ 26. Kg1 Qd4+ 27. Kh2 Rh5+ 28. Kg3 Qh4# 0-1

[Event "Titled Tuesday intern op 03rd Nov"]
[Site "Chess.com INT"]
[Date "2020.11.03"]
[Round "7"]
[White "Tvarijonas, Tomas"]
[Black "Tereladze, Sopiko"]
[Result "0-1"]
[WhiteElo "2221"]
[BlackElo "2141"]
[PlyCount "62"]
[EventDate "2020.11.03"]
[EventType "swiss (blitz)"]
[EventRounds "11"]
[EventCountry "USA"]
[SourceTitle "CBM 199 Extra"]
[Source "ChessBase"]
[SourceDate "2021.01.31"]
[SourceVersion "1"]
[SourceVersionDate "2021.01.31"]
[SourceQuality "1"]

1. e4 e5 2. Nf3 Nc6 3. Bc4 Nf6 4. Ng5 d5 5. exd5 Na5 6. Bb5+ c6 7. dxc6 bxc6 8. Qf3 Bb7 9. Ba4 h6 10. Ne4 Nxe4 11. Qxe4 Bd6 12. b4 0-0 13. bxa5 f5 14. Qc4+ Kh8 15. a6 Bc8 16. Ba3 Rb8 17. Bxd6 Qxd6 18. Nc3 c5 19. Qd5 Qg6 20. 0-0 Bxa6 21. d3 Bb7 22. Rfe1 Bxd5 23. Nxd5 e4 24. Bb3 exd3 25. cxd3 f4 26. Re4 f3 27. g3 Qf5 28. Ne3 Qd7 29. Bc4 Rb2 30. a4 Re2 31. Nd5 Qh3 0-1

[Event "LTU-chT"]
[Site "Lithuania"]
[Date "2019.01.26"]
[Round "1.2"]
[White "Ivanauskas, Raimundas"]
[Black "Tvarijonas, Tomas"]
[Result "0-1"]
[WhiteElo "1769"]
[BlackElo "2248"]
[PlyCount "104"]
[EventDate "2019.01.26"]
[EventType "team-swiss"]
[EventRounds "7"]
[EventCountry "LTU"]
[SourceTitle "CBM 188 Extra"]
[Source "ChessBase"]
[SourceDate "2019.02.26"]
[SourceVersion "1"]
[SourceVersionDate "2019.02.26"]
[SourceQuality "1"]
[WhiteTeam "Rokiskis"]
[BlackTeam "Kaunas Margiris"]
[WhiteTeamCountry "LTU"]
[BlackTeamCountry "LTU"]

1. e4 c5 2. Nf3 g6 3. d4 cxd4 4. Nxd4 Bg7 5. Nc3 Nc6 6. Be3 Nf6 7. Be2 0-0 8. 0-0 d5 9. exd5 Nb4 10. Qd2 Nbxd5 11. Nxd5 Nxd5 12. Bh6 Qb6 13. Bxg7 Kxg7 14. Nb3 Rd8 15. c4 Nf6 16. Qc3 Be6 17. Rad1 Kg8 18. Qa5 Rdc8 19. Rc1 Qxa5 20. Nxa5 Rc7 21. Bf3 Rac8 22. Bxb7 Rb8 23. b3 Rbxb7 24. Nxb7 Rxb7 25. f3 Kf8 26. Rfd1 Ke8 27. Kf2 Bd7 28. Rd4 Bc6 29. Rcd1 Nd7 30. h4 a5 31. R4d2 f6 32. Ke3 a4 33. Rb1 axb3 34. axb3 e5 35. Rd6 Ba4 36. b4 Ke7 37. c5 Nxc5 38. Rd2 Ne6 39. Rdb2 Bb5 40. Ra1 Rc7 41. Ra8 f5 42. Rh8 Kf6 43. Rb8 Nd4 44. Rb6+ Kf7 45. Ra2 Bd7 46. f4 Be6 47. Rd2 Nc2+ 48. Kf3 e4+ 49. Kg3 Rc3+ 50. Kh2 Ne3 51. Kg1 Rc1+ 52. Kh2 Nf1+ 0-1

[Event "LTU-chT"]
[Site "Lithuania"]
[Date "2018.03.24"]
[Round "3.3"]
[White "Sotsky, Alexander"]
[Black "Tvarijonas, Tomas"]
[Result "1/2-1/2"]
[WhiteElo "2333"]
[BlackElo "2245"]
[PlyCount "113"]
[EventDate "2018.01.27"]
[EventType "team-swiss"]
[EventRounds "7"]
[EventCountry "LTU"]
[SourceTitle "EXT 2019"]
[Source "ChessBase"]
[SourceDate "2018.10.10"]
[SourceVersion "1"]
[SourceVersionDate "2018.10.10"]
[SourceQuality "1"]
[WhiteTeam "Kaunas Ezerelio"]
[BlackTeam "Kaunas Margiris"]
[WhiteTeamCountry "LTU"]
[BlackTeamCountry "LTU"]

1. d4 d5 2. Nf3 Nf6 3. Bg5 Bf5 4. e3 e6 5. Nbd2 Nbd7 6. Be2 c6 7. 0-0 Bd6 8. c4 h6 9. Bh4 g5 10. Bg3 Bxg3 11. hxg3 Qc7 12. b4 Ne4 13. Nxe4 dxe4 14. Nd2 h5 15. d5 g4 16. Nb3 h4 17. d6 Qd8 18. Bxg4 Qg5 19. Bxf5 exf5 20. Qd4 Rh6 21. Nc5 hxg3 22. fxg3 0-0-0 23. Nxd7 Rxd7 24. c5 f6 25. Kf2 Rg7 26. Ke2 Qxg3 27. Rf2 Kd7 28. b5 Qe5 29. bxc6+ bxc6 30. Rd1 Qxd4 31. Rxd4 Ke6 32. Rd2 f4 33. Rxf4 Rxg2+ 34. Rf2 Rg7 35. Rd4 f5 36. Rb4 Rh1 37. Rb8 Ra1 38. Rb2 Rgg1 39. Kd2 Rac1 40. Rc2 Rgd1+ 41. Kc3 Rd3+ 42. Kb2 Rxc2+ 43. Rxc2 Rxe3 44. Rd2 Kd7 45. Rh2 Rd3 46. Rh7+ Ke6 47. Rxa7 f4 48. Re7+ Kf5 49. a4 f3 50. a5 Kg5 51. Rf7 e3 52. Rxf3 e2 53. Rxd3 e1Q 54. d7 Qb4+ 55. Kc2 Qxc5+ 56. Kd1 Qg1+ 57. Kc2 1/2-1/2

[Event "Riga Tech op 7th"]
[Site "Riga"]
[Date "2017.08.07"]
[Round "1"]
[White "Nabaty, Tamir"]
[Black "Tvarijonas, Tomas"]
[Result "1-0"]
[WhiteElo "2654"]
[BlackElo "2263"]
[PlyCount "91"]
[EventDate "2017.08.07"]
[EventType "swiss"]
[EventRounds "9"]
[EventCountry "LAT"]
[SourceTitle "CBM 179 Extra"]
[Source "ChessBase"]
[SourceDate "2017.08.23"]
[SourceVersion "1"]
[SourceVersionDate "2017.08.23"]
[SourceQuality "1"]

1. d4 d5 2. Bf4 Nf6 3. e3 Bf5 4. c4 e6 5. Nc3 dxc4 6. Bxc4 c6 7. Nf3 Qb6 8. Qe2 Ne4 9. 0-0 Be7 10. Ne5 g5 11. g4 Bg6 12. Nxg6 hxg6 13. Be5 Nf6 14. Na4 Qb4 15. Nc5 Rh4 16. a3 Qb6 17. b4 Nbd7 18. Bg3 Rxg4 19. e4 Rf4 20. Nxd7 Nxd7 21. d5 Ne5 22. dxe6 f6 23. Rfd1 Qc7 24. Kh1 Bd6 25. b5 Bc5 26. bxc6 bxc6 27. Rac1 Ke7 28. Bb5 Qb6 29. Bxc6 Qxc6 30. Rd5 Rc8 31. Rdxc5 Qxc5 32. Rxc5 Rxc5 33. Qe3 Rc6 34. Bxf4 gxf4 35. Qxf4 Kxe6 36. Qe3 a6 37. f4 Nc4 38. Qd3 Ke7 39. Qd5 Rc7 40. f5 gxf5 41. exf5 a5 42. Qe6+ Kd8 43. Qxf6+ Ke8 44. Qe6+ Kf8 45. f6 a4 46. h3 1-0

[Event "LTU-chT"]
[Site "Lithuania"]
[Date "2017.02.18"]
[Round "4.2"]
[White "Sumskis, Rimvydas"]
[Black "Tvarijonas, Tomas"]
[Result "1/2-1/2"]
[WhiteElo "2092"]
[BlackElo "2277"]
[PlyCount "91"]
[EventDate "2017.01.28"]
[EventType "team-swiss"]
[EventRounds "7"]
[EventCountry "LTU"]
[SourceTitle "CBM 176 Extra"]
[Source "ChessBase"]
[SourceDate "2017.03.02"]
[SourceVersion "1"]
[SourceVersionDate "2017.03.02"]
[SourceQuality "1"]
[WhiteTeam "Marijampole Suduva"]
[BlackTeam "Kaunas Margiris"]
[WhiteTeamCountry "LTU"]
[BlackTeamCountry "LTU"]

1. e4 c5 2. Nc3 Nc6 3. Nge2 g6 4. d4 cxd4 5. Nxd4 Bg7 6. Be3 Nf6 7. Nb3 0-0 8. Be2 d6 9. Qd2 a5 10. a4 Ng4 11. Bxg4 Bxg4 12. 0-0 Ne5 13. Bd4 Rc8 14. Nd5 Nc4 15. Qg5 Be6 16. Nxe7+ Kh8 17. Bf6 Qb6 18. Nxc8 Rxc8 19. Bxg7+ Kxg7 20. Rab1 Bd7 21. Rfd1 Bxa4 22. Nd4 Bd7 23. Nf5+ Bxf5 24. exf5 f6 25. Qg3 Ne5 26. c3 Rc4 27. h3 Re4 28. fxg6 hxg6 29. Re1 Rxe1+ 30. Rxe1 Qxb2 31. f4 Nf7 32. Qd3 a4 33. Rb1 Qa3 34. Qc4 d5 35. Qb4 Qa2 36. Qxb7 Qd2 37. Qb4 g5 38. fxg5 Nxg5 39. Qe7+ Kg6 40. Qe8+ Kh6 41. Qxa4 Nxh3+ 42. gxh3 Qe3+ 43. Kg2 Qe2+ 44. Kg1 Qe3+ 45. Kg2 Qe2+ 46. Kg1 1/2-1/2

[Event "LTU-chT"]
[Site "Lithuania"]
[Date "2017.02.18"]
[Round "3.1"]
[White "Vedrickas, Tautvydas"]
[Black "Tvarijonas, Tomas"]
[Result "1-0"]
[WhiteElo "2392"]
[BlackElo "2277"]
[PlyCount "85"]
[EventDate "2017.01.28"]
[EventType "team-swiss"]
[EventRounds "7"]
[EventCountry "LTU"]
[SourceTitle "CBM 176 Extra"]
[Source "ChessBase"]
[SourceDate "2017.03.02"]
[SourceVersion "1"]
[SourceVersionDate "2017.03.02"]
[SourceQuality "1"]
[WhiteTeam "Vilnius MRU"]
[BlackTeam "Kaunas Margiris"]
[WhiteTeamCountry "LTU"]
[BlackTeamCountry "LTU"]

1. d4 d5 2. c4 c6 3. cxd5 cxd5 4. Nc3 Nf6 5. f3 a6 6. e4 e6 7. e5 Nfd7 8. f4 Nc6 9. Nf3 b5 10. Bd3 Be7 11. 0-0 f5 12. exf6 Nxf6 13. Ne5 Qb6 14. Be3 Bd6 15. Kh1 Ne7 16. a4 b4 17. a5 Qd8 18. Na4 0-0 19. Nb6 Ra7 20. Qb3 Nd7 21. Na4 Rc7 22. Bd2 Nf5 23. Nf3 Qf6 24. Rae1 Re8 25. Re5 Bxe5 26. fxe5 Qe7 27. Bxb4 Rb7 28. Nb6 Qd8 29. Bc5 Nxc5 30. dxc5 Rc7 31. Nxc8 Rxc8 32. Rc1 Rb8 33. Qa3 Qc7 34. c6 Rbc8 35. b4 Ra8 36. Bxf5 exf5 37. Qd3 Qf7 38. Ng5 Qe7 39. Qxd5+ Kh8 40. Nf7+ Kg8 41. Nd6+ Qe6 42. Qxe6+ Rxe6 43. c7 1-0

[Event "Kaunas Butnorius 70 op"]
[Site "Kaunas"]
[Date "2016.08.04"]
[Round "6"]
[White "Tvarijonas, Tomas"]
[Black "Sakalauskas, Vaidas"]
[Result "0-1"]
[WhiteElo "2303"]
[BlackElo "2356"]
[PlyCount "64"]
[EventDate "2016.08.01"]
[EventType "swiss"]
[EventRounds "9"]
[EventCountry "LTU"]
[SourceTitle "CBM 173 Extra"]
[Source "ChessBase"]
[SourceDate "2016.08.29"]
[SourceVersion "1"]
[SourceVersionDate "2016.08.29"]
[SourceQuality "1"]

1. e4 Nf6 2. e5 Nd5 3. c4 Nb6 4. d4 d6 5. f4 dxe5 6. fxe5 Nc6 7. Be3 Bf5 8. Nf3 e6 9. Be2 Be7 10. 0-0 0-0 11. Nc3 f6 12. a3 Bg4 13. b3 fxe5 14. dxe5 Nd7 15. Nd4 Rxf1+ 16. Kxf1 Bxe2+ 17. Qxe2 Nxd4 18. Bxd4 Nc5 19. Rd1 Nxb3 20. Bf2 Qe8 21. Qf3 Nc5 22. Nb5 Qg6 23. Kg1 Rf8 24. Qe2 Ne4 25. Bd4 c5 26. Nc3 Rf4 27. Nxe4 Rxe4 28. Be3 Bg5 29. Bxg5 Rxe2 30. Rd8+ Kf7 31. Rd7+ Kf8 32. Rd8+ Qe8 0-1

[Event "Kaunas Butnorius 70 op"]
[Site "Kaunas"]
[Date "2016.08.01"]
[Round "1"]
[White "Samodelkin, Artiom"]
[Black "Tvarijonas, Tomas"]
[Result "0-1"]
[WhiteElo "1623"]
[BlackElo "2303"]
[PlyCount "82"]
[EventDate "2016.08.01"]
[EventType "swiss"]
[EventRounds "9"]
[EventCountry "LTU"]
[SourceTitle "CBM 173 Extra"]
[Source "ChessBase"]
[SourceDate "2016.08.29"]
[SourceVersion "1"]
[SourceVersionDate "2016.08.29"]
[SourceQuality "1"]

1. d4 d5 2. Bg5 Nf6 3. c3 Bf5 4. e3 Nbd7 5. Bd3 Bg6 6. Nf3 e6 7. Bxg6 hxg6 8. Qb3 Nb6 9. Nbd2 Be7 10. Bf4 Bd6 11. Ne5 Nh5 12. 0-0-0 g5 13. Bg3 Bxe5 14. Bxe5 f6 15. Bg3 Qd7 16. f4 gxf4 17. exf4 0-0-0 18. Rde1 Qd6 19. Rhf1 Nxg3 20. hxg3 Rh2 21. Re2 Rdh8 22. Rfe1 Rh1 23. Qd1 Rxe1 24. Qxe1 Re8 25. Kb1 Nd7 26. Nf3 c5 27. Qd1 Kb8 28. Qd3 Re7 29. Kc2 cxd4 30. Nxd4 Nc5 31. Qg6 Qa6 32. Kb1 Ne4 33. Re3 Qf1+ 34. Kc2 e5 35. fxe5 fxe5 36. Nf5 Qf2+ 37. Kb3 Nd2+ 38. Kb4 a5+ 39. Ka4 b5+ 40. Kxb5 Qf1+ 41. Kb6 Rb7+ 0-1

[Event "EU-Cup 30th"]
[Site "Bilbao"]
[Date "2014.09.20"]
[Round "7.4"]
[White "Zelbel, Patrick"]
[Black "Tvarijonas, Tomas"]
[Result "1-0"]
[WhiteElo "2405"]
[BlackElo "2255"]
[PlyCount "127"]
[EventDate "2014.09.14"]
[EventType "team-swiss"]
[EventRounds "7"]
[EventCountry "ESP"]
[SourceTitle "CBM 163"]
[Source "ChessBase"]
[SourceDate "2014.11.11"]
[SourceVersion "1"]
[SourceVersionDate "2014.11.11"]
[SourceQuality "1"]
[WhiteTeam "Eynatten"]
[BlackTeam "Kaunas Margiris"]
[WhiteTeamCountry "BEL"]
[BlackTeamCountry "LTU"]

1. e4 c5 2. c3 Nf6 3. e5 Nd5 4. Nf3 e6 5. d4 cxd4 6. cxd4 d6 7. Bc4 Nc6 8. 0-0 Be7 9. exd6 Qxd6 10. Nc3 Nxc3 11. bxc3 0-0 12. Re1 b6 13. Ng5 h6 14. Ne4 Qc7 15. Qg4 f5 16. Qg3 f4 17. Qd3 Na5 18. Bb5 Bb7 19. Nd2 Rf6 20. Ba4 Bd5 21. Bc2 g6 22. Nf3 Bc4 23. Qd1 Bd5 24. Qd3 Bc4 25. Qd2 Bd5 26. Ne5 Kg7 27. Qd3 Rc8 28. Bd2 Rf5 29. Bxf4 Bg5 30. Bg3 Qxc3 31. Qxc3 Rxc3 32. Bxf5 gxf5 33. f4 Be7 34. Rec1 Bb4 35. a3 Nb3 36. Rxc3 Bxc3 37. Rd1 Nxd4 38. Be1 Bb3 39. Rb1 Bxe1 40. Rxe1 a5 41. Re3 a4 42. Kf2 b5 43. Rg3+ Kf8 44. Rd3 Nc2 45. Nd7+ Ke7 46. Nc5 Bd5 47. Rc3 Nd4 48. Ke3 Nc6 49. g3 Na5 50. Nd3 Kd6 51. Ne5 Nb3 52. Nf7+ Kd7 53. Ne5+ Kd6 54. Rc8 Na5 55. Kd3 Bg2 56. Kc3 Nb3 57. Kb4 Bf1 58. Rd8+ Ke7 59. Rd7+ Ke8 60. Rd1 Be2 61. Re1 Bh5 62. Kxb5 Ke7 63. Kxa4 Nd4 64. Rc1 1-0